[Event "Pan American-ch U16 Girls"]
[Site "Guayaquil"]
[Date "2019.07.24"]
[Round "6"]
[White "Quintana Chanduvi, Daniela Sofia"]
[Black "Oleas Vanegas, Micaela Carolina"]
[Result "0-1"]
[WhiteElo "1389"]
[BlackElo "1671"]
[PlyCount "82"]
[EventDate "2019.07.21"]
[EventType "swiss"]
[EventRounds "9"]
[EventCountry "ECU"]
[SourceTitle "EXT 2020"]
[Source "ChessBase"]
[SourceDate "2019.10.17"]
[SourceVersion "1"]
[SourceVersionDate "2019.10.17"]
[SourceQuality "1"]

1. e4 e5 2. Nf3 Nc6 3. Bc4 Nf6 4. d3 Bc5 5. 0-0 d6 6. c3 Bg4 7. Nbd2 h6 8. Re1 0-0 9. Bb3 Re8 10. h3 Be6 11. Bc2 a6 12. Nf1 d5 13. exd5 Bxd5 14. Be3 Bf8 15. Ng3 b6 16. Nd2 Qd7 17. Nde4 Re6 18. Qe2 Rd8 19. a3 Nh7 20. Rad1 Rg6 21. Qf3 Be6 22. d4 Qe7 23. Nd2 Bd5 24. Qe2 Rf6 25. c4 exd4 26. cxd5 dxe3 27. Qxe3 Qxe3 28. Rxe3 Nd4 29. Bxh7+ Kxh7 30. Rd3 c5 31. Nde4 Rg6 32. b4 Rxd5 33. Kf1 Rd8 34. bxc5 bxc5 35. Nf5 Re6 36. f3 g6 37. Nxd4 cxd4 38. a4 f5 39. Nc3 Rc6 40. Ne2 Bg7 41. Nxd4 Rcd6 0-1

[Event "Pan American-ch U16 Girls"]
[Site "Santiago de Chile"]
[Date "2018.07.22"]
[Round "1"]
[White "Clarke, Adani"]
[Black "Quintana Chanduvi, Daniela Sofia"]
[Result "0-1"]
[WhiteElo "1699"]
[BlackElo "1336"]
[PlyCount "124"]
[EventDate "2018.07.22"]
[EventType "swiss"]
[EventRounds "9"]
[EventCountry "CHI"]
[SourceTitle "EXT 2022"]
[Source "ChessBase"]
[SourceDate "2021.10.06"]
[SourceVersion "1"]
[SourceVersionDate "2021.10.06"]
[SourceQuality "1"]

1. d4 Nf6 2. c4 e6 3. Nc3 Bb4 4. Bd2 0-0 5. e3 d6 6. Nf3 b6 7. a3 Bxc3 8. Bxc3 Bb7 9. Bd3 Nbd7 10. 0-0 c5 11. Qc2 cxd4 12. exd4 h6 13. Nd2 Rc8 14. Rfe1 Qc7 15. Qa4 Bc6 16. Qb3 Qb7 17. f3 Rfe8 18. Rac1 d5 19. cxd5 Nxd5 20. Ne4 Qb8 21. Bb4 Nxb4 22. Qxb4 Red8 23. Nc3 Nf6 24. Red1 Rc7 25. Ne2 Nd5 26. Qd2 Rdc8 27. Ba6 Bb7 28. Bxb7 Qxb7 29. Ng3 Kf8 30. Ne4 Ke7 31. Kf2 Rc6 32. Nc3 Nxc3 33. Rxc3 Rxc3 34. bxc3 Qc7 35. Rc1 Qxh2 36. Qd3 Qc7 37. Qh7 Kf6 38. Qe4 Ke7 39. Qh7 Qf4 40. Rc2 Rxc3 41. Rxc3 Qd2+ 42. Kg3 Qxc3 43. Qxg7 Qe1+ 44. Kh2 Qh4+ 45. Kg1 Qg5 46. Qh7 Qe3+ 47. Kh2 Qf4+ 48. Kh3 Qf5+ 49. Qxf5 exf5 50. Kg3 b5 51. Kf4 Ke6 52. Ke3 a5 53. Kd3 Kd5 54. f4 h5 55. g3 f6 56. Ke3 b4 57. a4 Kc4 58. d5 Kxd5 59. Kd3 Kc5 60. Kc2 Kc4 61. Kb2 Kd4 62. Kb3 Kd3 0-1

[Event "Pan American-ch U14 Girls"]
[Site "San Jose"]
[Date "2017.07.01"]
[Round "1"]
[White "Zeng, Sheena"]
[Black "Quintana Chanduvi, Daniela Sofia"]
[Result "1-0"]
[WhiteElo "1599"]
[BlackElo "1221"]
[PlyCount "63"]
[EventDate "2017.07.01"]
[EventType "swiss"]
[EventRounds "9"]
[EventCountry "CRI"]
[SourceTitle "EXT 2022"]
[Source "ChessBase"]
[SourceDate "2021.10.06"]
[SourceVersion "1"]
[SourceVersionDate "2021.10.06"]
[SourceQuality "1"]

1. d4 Nf6 2. c4 e6 3. Nf3 b6 4. a3 Ba6 5. Qc2 Be7 6. e4 d6 7. Bd3 h6 8. 0-0 0-0 9. b4 c5 10. e5 dxe5 11. dxe5 Ne8 12. Be4 Nd7 13. b5 Bxb5 14. Bxa8 Qxa8 15. cxb5 Nc7 16. Nc3 Rd8 17. Rd1 f6 18. Bf4 Ne8 19. Qg6 Nf8 20. Qg3 g5 21. exf6 Bxf6 22. Be5 Bxe5 23. Qxe5 Ng7 24. Qf6 Re8 25. Qxh6 g4 26. Ne5 g3 27. hxg3 Qb8 28. Nd7 Qb7 29. Nf6+ Kf7 30. Nxe8 Kxe8 31. Qf6 Nh5 32. Rd8# 1-0